00711nam a2200181Ia 4500003000900000008004100009040001600050080002500066110004300091245014400134260005300278300001000331650004100341650002400382942000700406999001500413952010100428IN-BaIIA211028s9999 xx 000 0 eng d cIIA Library a523.947:520.86bINSA aIndian National Science Academy910909 0aObservations of total solar eclipse of 16 february 1980 (Preliminary results)cIndian National Science Academy  aNew DelhibIndian National Science Academyc1981 a130p. aAstronomy and Astrophysics Thesaurus aSolar Eclipse91412 cBK c6741d6741 00104070aBANbBANcGENd1981-05-07l0o523.947:520.86/ INSAp7499r2021-11-05w1981-05-07yBK